Irrigation and Water Power Enginering / (Record no. 1005)
[ view plain ]
| 000 -LEADER | |
|---|---|
| fixed length control field | 00704nac a22002051u 4500 |
| 008 - FIXED-LENGTH DATA ELEMENTS--GENERAL INFORMATION | |
| fixed length control field | 090423s1992 ii i |r|||| 001 0 eng d |
| 020 ## - INTERNATIONAL STANDARD BOOK NUMBER | |
| International Standard Book Number | 8170080843 |
| 020 ## - INTERNATIONAL STANDARD BOOK NUMBER | |
| International Standard Book Number | 9788170080848 |
| 082 ## - DEWEY DECIMAL CLASSIFICATION NUMBER | |
| Classification number | 627.52 |
| Item number | PUN |
| Edition number | 22 |
| 100 ## - MAIN ENTRY--PERSONAL NAME | |
| Personal name | Punmia, B.C. |
| 9 (RLIN) | 4180 |
| 245 ## - TITLE STATEMENT | |
| Title | Irrigation and Water Power Enginering / |
| Statement of responsibility, etc | By B.C. Punmia and Pande Brij Basi Lal |
| 250 ## - EDITION STATEMENT | |
| Edition statement | 12th ed. , |
| Remainder of edition statement | Thoroughly revised and enlarged |
| 260 ## - PUBLICATION, DISTRIBUTION, ETC. (IMPRINT) | |
| Place of publication, distribution, etc | New Delhi : |
| Name of publisher, distributor, etc | Laxmi Publications, |
| Date of publication, distribution, etc | 1992 |
| 300 ## - PHYSICAL DESCRIPTION | |
| Extent | 986 p. : |
| Other physical details | ill. ; |
| Dimensions | 23 cm. |
| 500 ## - GENERAL NOTE | |
| General note | Includes index. |
| 650 ## - SUBJECT ADDED ENTRY--TOPICAL TERM | |
| Topical term or geographic name as entry element | Irrigation engineering. |
| 9 (RLIN) | 6511 |
| 650 ## - SUBJECT ADDED ENTRY--TOPICAL TERM | |
| Topical term or geographic name as entry element | Water-supply engineering. |
| 9 (RLIN) | 4182 |
| 700 ## - ADDED ENTRY--PERSONAL NAME | |
| Personal name | Pande, Brij Basi Lal. |
| 9 (RLIN) | 4183 |
| 942 ## - ADDED ENTRY ELEMENTS (KOHA) | |
| Item type | NB - Book (Non borrowing) |
| Call number prefix | 627.52PUN |
| Source of classification or shelving scheme | Dewey Decimal Classification |
| Withdrawn status | Item status | Source of classification or shelving scheme | Damaged status | Not for loan | Vendor | Home library | Current library | Shelving location | Date acquired | Source of acquisition | Cost, normal purchase price | Total Checkouts | Full call number | Barcode | Date last seen | Cost, replacement price | Koha item type | Serial Enumeration / chronology | Total Renewals | Date last borrowed |
|---|---|---|---|---|---|---|---|---|---|---|---|---|---|---|---|---|---|---|---|---|
| Dewey Decimal Classification | Central Library | Central Library | First floor | 06/08/2016 | 85.00 | 627.52 PUN | 000003501 | 15/07/2025 | 106.25 | Book - Borrowing | ||||||||||
| Dewey Decimal Classification | Alahram | Central Library | Central Library | First floor | 23/04/2009 | 103.50 | 627.52 PUN | 000016000 | 15/07/2025 | NB - Book (Non borrowing) | 371 | |||||||||
| Dewey Decimal Classification | Baccah | Central Library | Central Library | First floor | 11/05/2009 | 1 | 627.52 PUN | 000016115 | 15/07/2025 | Book - Borrowing | 3 | 08/09/2016 |